|
|
|
|
| LEADER |
01487nam a2200325 a 4500 |
| 001 |
4853887 |
| 008 |
090910s1992 enk bs 001 0 eng d |
| 010 |
|
|
|a 91047492
|
| 020 |
|
|
|a 0195208781
|
| 040 |
|
|
|a DLC
|c DLC
|d DLC
|
| 082 |
0 |
0 |
|a 370.19/346/0981
|2 20
|
| 100 |
1 |
|
|a Harbison, Ralph W.
|
| 245 |
1 |
0 |
|a Educational performance of the poor :
|b lessons from rural northeast Brazil /
|c Ralph W. Harbison, Eric A. Hanushek.
|
| 260 |
|
|
|a Oxford ;
|a New York :
|b Published for the World Bank, Oxford University Press,
|c c1992.
|
| 300 |
|
|
|a xiv, 362 p. ;
|c 24 cm.
|
| 500 |
|
|
|a Based on research by the World Bank.
|
| 504 |
|
|
|a Includes bibliographical references (p. 341-351) and index.
|
| 541 |
1 |
|
|e 00005464
|
| 610 |
2 |
0 |
|a Programa de Expansão e Melhoria da Educação no Meio Rural do Nordeste (Brazil)
|
| 650 |
|
0 |
|a School improvement programs
|z Brazil
|x Statistics.
|
| 650 |
|
0 |
|a Education, Primary
|x Economic aspects
|z Brazil
|x Statistics.
|
| 650 |
|
0 |
|a Poor children
|x Education (Primary)
|z Brazil
|x Statistics.
|
| 650 |
|
0 |
|a Education, Rural
|z Brazil
|x Statistics.
|
| 650 |
|
0 |
|a Academic achievement
|z Brazil
|x Statistics.
|
| 650 |
|
0 |
|a Educational surveys
|z Brazil.
|
| 700 |
1 |
|
|a Hanushek, Eric A.
|q (Eric Alan),
|d 1943-
|
| 710 |
2 |
|
|a World Bank.
|
| 852 |
4 |
|
|a Ayesha Abed Library
|j General Shelf.
|
| 999 |
|
|
|c 4048
|d 4048
|
| 952 |
|
|
|0 0
|1 0
|2 ddc
|4 0
|6 370_193460981000000_HAR_1992
|7 0
|9 3728
|a BRACUL
|b BRACUL
|c GEN
|d 2009-10-03
|g 1200.00
|l 0
|o 370.193460981 HAR
|p 3010005464
|r 2009-10-03
|t 1
|w 2009-10-03
|y BK
|